One Tree Hill Characters - Statistics

General Stats
  • This quiz has been taken 903 times
  • The average score is 53 of 117
Answer Stats
Answer % Correct
Lucas Scott
100%
Brooke Davis
99%
Nathan Scott
99%
Peyton Sawyer
99%
Dan Scott
98%
Haley James Scott
98%
Deb Scott
97%
Keith Scott
97%
Karen Roe
96%
Marvin McFadden
96%
Jamie Scott
95%
Skills
95%
Julian Baker
91%
Rachel Gatina
91%
Clay Evans
86%
Quinn James
86%
Chase Adams
85%
Millicent Huxtable
84%
Victoria Davis
82%
Alex Dupre
79%
Chris Keller
79%
Lydia James
79%
Bevin
78%
Felix Taggarro
77%
Whitey Durham
77%
Anna Taggarro
76%
Jake Jaglieski
76%
Mia Catalano
74%
Fergie
70%
Taylor James
70%
Jimmy Edwards
69%
Tim Smith
68%
Carrie
67%
Samantha Walker
67%
Junk
65%
Owen
65%
Quentin Fields
64%
Lindsey Strauss
61%
Chuck Scolnik
57%
Jenny Jaglieski
56%
Andy Hargrove
55%
Derek Sommers
54%
Larry Sawyer
54%
Nick
54%
Nick Lachey
54%
Ellie Harp
53%
Logan
51%
Jimmy James
50%
Cooper Lee
45%
Pete
44%
Jules / Emily
43%
Lauren
43%
Ian Banks
42%
Ian Kellerman
42%
Sara Evans
42%
Xavier
42%
Gigi
41%
Nicki
41%
Katie Ryan
40%
Jack
37%
Madison
37%
David
36%
Paul
34%
Sylvia Baker
33%
Abby Brown
32%
Erica Marsh
32%
Andre Fields
31%
Alexander
29%
Glenda
29%
Ted Davis
29%
Renee
28%
Erin
27%
August Kellerman
26%
Shelley
26%
Tara
26%
Daunte
24%
Mick Wolf
24%
Miranda Stone
24%
Principal Turner
23%
Alice
22%
Grubbs
22%
Theresa
21%
Marcus Johnson
20%
Rick
20%
Bobby
19%
Max
19%
Adam
18%
Jason
18%
Kylie
18%
Jerry
17%
Josh
17%
Chloe Hall
16%
Bill
15%
Devon Fox
15%
Dimitri
15%
Shari
15%
Denise Fields
14%
Makenna
14%
Principal Rimkus
14%
Missy
13%
Charlie
12%
Kelly
12%
Ken
12%
Troy
12%
Brendan
11%
Carl
11%
Jay
11%
Mr Scolnik
11%
Mrs Edwards
11%
Nino
11%
Olivia Pruitt
11%
Rusty
11%
Caitlin
10%
Mrs. Skolnick
10%
Sheldon
10%
Toby
10%
Tommy
10%
No matching quizzes found
Score Distribution
Percent of People with Each Score
Percentile by Number Answered
Your Score History
You have not taken this quiz